000 00513nam a22001937a 4500
005 20260415150420.0
008 260412b2025 |||||||| |||| 00| 0 eng d
020 _a9789349015722
040 _aMAIN
041 _aENG
082 _a346.54086
_bBAN/LAW
100 _aB.N. Banerjee & S.K. Sarvaria
245 _a Law Insurance (Vol. 1)
_cby B.N Banerjee & S.K. Sarvaria
250 _a7th ed.
260 _aHaryana :
_bLexisNexis,
_c2025.
300 _a1145 p.
650 _aInsurance Law.--India
942 _cBK
999 _c18670
_d18670